000 00298nam a2200109Ia 4500
005 20260328104340.0
008 260328s9999||||xx |||||||||||||| ||und||
100 _aÁngel, Alejandro
245 0 _a75 Años Después :
_b El Nuevo San Andrés /
_cAlejandro Ángel
650 _aCASAS-BOTES
942 _cBK
999 _c12079
_d12079